书目信息 |
| 题名: |
辽金元史十五讲
|
|
| 作者: | 蔡美彪 著 | |
| 分册: | ||
| 出版信息: | 北京 中华书局 2015 |
|
| 页数: | 276页 | |
| 开本: | 24cm | |
| 丛书名: | 大家讲史 | |
| 单 册: | ||
| 中图分类: | K246.07 , K247.07 | |
| 科图分类: | ||
| 主题词: | 辽宋金元时代--历史--研究 | |
| 电子资源: | ||
| ISBN: | 978-7-101-10851-4 | |
| 000 | 00974oam2 2200277 450 | |
| 001 | 012001002804 | |
| 005 | 20180926144915.23 | |
| 010 | @a978-7-101-10851-4@b精装@dCNY45.00 | |
| 100 | @a20151126d2015 em y0chiy50 ea | |
| 101 | 0 | @achi |
| 102 | @aCN@b110000 | |
| 105 | @aa z 000yy | |
| 106 | @ar | |
| 200 | 1 | @a辽金元史十五讲@9liao jin yuan shi shi wu jiang@e典藏本@f蔡美彪著 |
| 205 | @a2版 | |
| 210 | @a北京@c中华书局@d2015 | |
| 215 | @a276页@c图@d24cm | |
| 225 | 2 | @a大家讲史 |
| 330 | @a本书分为十五讲,内容包括:辽朝史概说、契丹的部落组织和国家的产生、耶律氏和萧氏的由来、辽代的天下兵马大元帅与皇位继承、辽代后族与辽季后妃三案、金朝史概述、乣与乣军、成吉思汗的历史贡献、《元秘史》中所见古代蒙古之婚俗、马可波罗在中国等。 | |
| 461 | 0 | @12001 @a大家讲史 |
| 606 | 0 | @a辽宋金元时代@x历史@x研究 |
| 690 | @aK246.07@v5 | |
| 690 | @aK247.07@v5 | |
| 701 | 0 | @a蔡美彪@9cai mei biao@4著 |
| 801 | 0 | @aCN@b上海新华@c20180901 |
| 905 | @b1153533-7@dK246.07@e28=2@f5 | |
| 辽金元史十五讲:典藏本/蔡美彪著.-2版.-北京:中华书局,2015 |
| 276页:图;24cm.-(大家讲史) |
| ISBN 978-7-101-10851-4(精装):CNY45.00 |
| 本书分为十五讲,内容包括:辽朝史概说、契丹的部落组织和国家的产生、耶律氏和萧氏的由来、辽代的天下兵马大元帅与皇位继承、辽代后族与辽季后妃三案、金朝史概述、乣与乣军、成吉思汗的历史贡献、《元秘史》中所见古代蒙古之婚俗、马可波罗在中国等。 |
| ● |
| 相关链接 |
|
|
|
|
正题名:辽金元史十五讲
索取号:K246.07/28=2
 
预约/预借
| 序号 | 登录号 | 条形码 | 馆藏地/架位号 | 状态 | 备注 |
| 1 | 1153533 | 211535338 | 第二样本阅览室/ [索取号:K246.07/28=2] | 在馆 | |
| 2 | 1153534 | 211535347 | 第二借阅区/ [索取号:K246.07/28=2] | 在馆 | |
| 3 | 1153535 | 211535356 | 第二借阅区/ [索取号:K246.07/28=2] | 在馆 | |
| 4 | 1153536 | 211535365 | 密集书库-史法系/ [索取号:K246.07/28=2] | 在馆 | |
| 5 | 1153537 | 211535374 | 第二借阅区/ [索取号:K246.07/28=2] | 在馆 |